囲み文字 □で囲まれた漢字 - Statistics

General Stats
  • This quiz has been taken 22 times
  • The average score is 11 of 41
Answer Stats
Answer % Correct
🈔
90%
🈩
90%
🈪
90%
🈚
45%
🈑
40%
🈜
40%
🈝
40%
🈢
40%
🈵
40%
🈶
40%
🈷
40%
🈕
35%
🈬
35%
🈮
35%
🈖
25%
🈤
25%
🈯
25%
🈳
25%
🈒
20%
🈘
20%
🈞
20%
🈟
20%
🈠
20%
🈡
20%
🈥
20%
🈧
20%
🈨
20%
🈲
20%
🈴
20%
🈐
15%
🈗
15%
🈫
15%
🈰
15%
🈺
15%
🈙
10%
🈱
10%
🈸
10%
🈛
5%
🈣
5%
🈹
5%
🈦
0%
No matching quizzes found
Score Distribution
Percent of People with Each Score
Percentile by Number Answered
Your Score History
You have not taken this quiz